000 00261nam a2200109Ia 4500
008 190216s9999||||xx |||||||||||||| ||und||
100 _aShashtipoorthi Agosha Committee
245 0 _aBalamaniyamma
260 _bNbs Kottayam
650 _aAthmakadha
942 _cBK
999 _c24804
_d24804